000
00418nam a2200145Ia 4500
008
100204s9999 xx 000 0 und d
082
_b
11404
100
_a
चव्हाण बिमन
245
_a
दोस्तायन
260
_b
"सरस प्रकाशन, ठाणे"
_c
1988
300
_a
168
630
_a
दोस्तायन
730
_a
दोस्तायन
942
_c
BOOK
999
_c
455840
_d
455837